Hyperspaces of sets : A text with research questions

Αποθηκεύτηκε σε:
Λεπτομέρειες βιβλιογραφικής εγγραφής
Κύριος συγγραφέας: Nadler, Sam B.
Μορφή: Βιβλίο
Γλώσσα:English
Δημοσίευση: New York : M. Dekker, c1978
Σειρά:Monographs and textbooks in pure and applied mathematics ; ; 49
Θέματα:
Ετικέτες: Προσθήκη ετικέτας
Δεν υπάρχουν, Καταχωρήστε ετικέτα πρώτοι!

MARC

LEADER 00000cam a2200000 i 4500
001 1/52193
008 941103s1978 eng d
020 |a 0824767683 
035 |l 10044357 
035 |a 1993 
040 |a GR-MY-UA  |b gre  |e aacr 
041 0 |a eng 
082 0 |a 516.182 
100 1 |a Nadler, Sam B. 
245 1 0 |a Hyperspaces of sets :  |b A text with research questions /  |c Sam B. Nadler, Jr 
260 |a New York :   |b M. Dekker,   |c c1978 
300 |a xvi, 707 p.;  |c 24 cm 
490 1 |a Monographs and textbooks in pure and applied mathematics  |v ; 49 
500 |a Includes indexes 
504 |a Bibliography: p. 635-663 
650 0 0 |a Hyperspace. 
830 0 |a Monographs and textbooks in pure and applied mathematics ;  |v ; 49 
852 |a INST  |b SAMOS  |e 19941103  |h 516.182 NAD  |p 005300007849  |q 005300007849  |t BK  |y 0 
909 |a Σ  |b 030271